000 00319nam a2200145Ia 4500
100 _aGraham
650 _aElectrical Engineering
942 _cBK
654 _aElectric
245 _aAudels New Electric Directory
260 _bTaraporevala Sons & Co
_c2001
082 _a603
300 _a547
546 _aENGLISH
999 _c30954
_d30954